[Event "GCT Saint Louis Blitz 2019"]
[Site "Saint Louis"]
[Date "2019.08.14"]
[Round "18"]
[White "Rapport, Richard"]
[Black "Carlsen, Magnus"]
[Result "1/2-1/2"]
[WhiteElo "2747"]
[BlackElo "2882"]
[Annotator "TA"]
[PlyCount "121"]
[EventDate "2019.08.13"]
[EventType "tourn"]
[EventCountry "USA"]
[SourceTitle "playchess.com"]
[Source "ChessBase"]
[SourceQuality "1"]

{[%evp 9,121,22,16,23,35,14,29,18,25,12,29,6,26,33,29,0,54,51,145,142,137,67,90,91,86,88,65,66,87,66,103,0,0,0,0,0,0,0,0,0,3,-15,-11,-28,0,-80,-74,-190,-190,-655,58,-153,-27,-28,-6,-17,-6,-12,0,0,0,0,0,-10,0,-23,-31,-45,-24,-142,-149,-148,-141,-132,-139,-143,-133,-146,-104,-96,-104,-96,-96,-96,-96,-215,-257,-228,-182,-177,-166,-196,-105,-105,-105,-70,-14,-22,-8,-8,-8,-8,-8,-8,-8,-8,-8,-8,-20,-16,0,0,0,-43]} 1. d4 f5 2. b3 Nf6 3. Bb2 e6 (3... g6 4. e3 Bg7 5. h4 e6 6. Nh3 d6 7. Nc3 Nc6 8. Nf4 e5 9. dxe5 Nxe5 10. Qd2 {1-0 (33) Rapport,R (2726)-Jakubiec,A (2508) Germany 2019}) 4. e3 b6 5. Nf3 Bb7 6. Be2 {A80: Dutch Defence: Unusual White second moves} Be7 7. O-O O-O 8. c4 {White has an edge.} Ne4 9. Nfd2 Nxd2 10. Qxd2 d6 11. Nc3 Nd7 $146 ({Predecessor:} 11... a6 12. Rad1 Qe8 13. d5 e5 14. e4 f4 15. Bg4 Rf6 16. b4 Nd7 17. Be6+ {0-1 (40) Oliveira,M-Leme,J San Juan 1987}) 12. f4 c5 (12... d5 $11) 13. d5 $14 e5 (13... exd5 $1 $14 14. Bf3 (14. cxd5 Bf6 $11) 14... Nf6) 14. e4 $16 exf4 15. Qxf4 ({White should play} 15. exf5 $1 $16 Bg5 16. Ne4) 15... fxe4 16. Qxe4 {Strongly threatening Bd3.} Bf6 17. Bd3 Bd4+ 18. Kh1 {[%csl Gd3][%cal Re4h7]} Rxf1+ 19. Rxf1 {[%csl Gd3][%cal Re4h7]} Nf6 20. Qe2 (20. Qe6+ $1 $16 Kh8 21. Ne4 Bxb2 22. Nxd6) 20... Qe8 $11 21. Qd2 Qe5 22. Re1 Qh5 23. Be2 Qh4 {Threatens to win with ...Be5.} 24. g3 Qh3 25. Bf3 Rf8 26. Qe2 Bc8 {Hoping for ...Ng4.} 27. Bg2 (27. Nb5 $11) 27... Qh6 $17 28. Bc1 (28. Bf3 $17 {was the only defense.}) 28... Qg6 $1 $19 ({Much less strong is} 28... g5 29. Ne4 $17) 29. Nb5 $2 (29. Ne4 Ng4 30. h3) 29... Be5 $2 (29... Bg4 $1 $19 {[%cal Rg4e2]} 30. Qf1 Nh5 31. Qxf8+ Kxf8 32. Nxd4 cxd4) 30. Bb2 $2 (30. Nxa7 $14 {stays ahead.} Bg4 31. Nc6 Bxe2 32. Ne7+ {[%mdl 64] Double Attack} Kf7 33. Nxg6 hxg6 34. Rxe2) 30... Bxb2 (30... Ng4 $1 $17 31. Bxe5 Rf2) 31. Qxb2 $11 Ng4 $1 {...a6 is the strong threat.} 32. Qe2 a6 33. Nc7 Qh6 $40 {[%csl Gg4][%cal Rh6h2][%mdl 128] Black attacks.} 34. h4 Ne5 35. Ne6 $1 {[%cal Re6f8]} Rf6 36. Rf1 Bd7 (36... Qg6 {looks sharper.} 37. Rxf6 Qxf6 38. Bh3 Bxe6 39. Bxe6+ Kf8) 37. Rxf6 (37. Ng5 {seems wilder.} Bg4 38. Qe1 Rf5 39. Rxf5 Bxf5 40. Be4) 37... Qxf6 38. Bh3 b5 39. Nf4 (39. cxb5 $11 {remains equal.} axb5 40. Qe3) 39... Bxh3 $17 40. Nxh3 bxc4 41. bxc4 Qf3+ $1 42. Qxf3 Nxf3 {[%mdl 4096] Endgame KN-KN} 43. Kg2 Ne5 44. Ng5 Nxc4 45. Ne4 Kf7 46. Kf3 Ke7 47. Ng5 {[#]} (47. Kf4 $17) 47... Nb6 $1 $19 48. Ke4 h6 49. Ne6 g6 50. g4 {[#]} Nd7 ({Black should try} 50... Na4 $1 $19 {[%cal Ra4c3] White must now prevent ...Nc3+.} 51. Kd3 Kf6) 51. g5 $17 h5 52. Nc7 a5 (52... Kd8 $1 $15 53. Ne6+ Ke7) 53. Ne6 $11 {The position is equal.} a4 54. Nf4 Ne5 55. Ne2 $1 a3 56. Nc3 Kd7 57. Nb5 Nc4 58. Kd3 Nb6 59. Ke4 $1 Na4 60. Kd3 Nb6 61. Ke4 $1 {Accuracy: White = 46%, Black = 43%.} 1/2-1/2